000 00550nam a2200169 i 4500
001 100474
003 ES-MaACL
005 20230906182700.0
007 t|
008 050928s1972 sp ||||1| spa d
100 1 _aMassey, William S.
_978810
245 1 0 _aIntroducción a la topología algebraica /
_cWilliam S. Massey; [versión... Manuel Castellet Solanas].
260 _aBarcelona :
_bReverté,
_c1972.
300 _aXVIII p., 263 p. :
_bil. ;
_c22 cm.
700 1 _aCastellet Solanas, Manuel.
_936546
852 _aES-MaACL
_jC-53918
_bR.86684
999 _c100474
_d100474